000 00275nam a2200133Ia 4500
003 Ost
005 20260225132549.0
008 260225s9999||||xx |||||||||||||| ||und||
040 _cfsic
041 _afre
082 _a440
245 0 _apour kateb yacine /
942 _cكتاب
999 _c34041
_d34041